Slovensko v EÚ 2012 trh práce

Salvato in:
Dettagli Bibliografici
Natura: Libro
Lingua:slovacco
inglese
Pubblicazione: Bratislava Štatistický úrad Slovenskej republiky 2012
Soggetti:
Tags: Aggiungi Tag
Nessun Tag, puoi essere il primo ad aggiungerne!!

MARC

LEADER 00000nlm a2200000 4500
001 0206116
005 20251210075134.1
020 |a 978-80-8121-122-5 
041 0 |a slo 
041 0 |a eng 
044 |a SK 
245 1 0 |a Slovensko v EÚ 2012  |b trh práce 
264 1 |a Bratislava  |b Štatistický úrad Slovenskej republiky  |c 2012 
300 |a 32 s. 
500 |a Zdroj dokumentu: Štatistický úrad SR 
610 2 0 |a Slovensko 
610 2 0 |a Európska únia 
610 2 0 |a trh práce 
610 2 0 |a miera zamestnanosti 
610 2 0 |a zamestnanosť 
610 2 0 |a mzdy minimálne